| 000 | 01299nam a22002897a 4500 | ||
|---|---|---|---|
| 001 | 1148 | ||
| 005 | 20230808104038.0 | ||
| 008 | 230804b cb ||||| |||| 00| 0 khr d | ||
| 020 | _a9789924340805 | ||
| 040 |
_aFISKH _beng _cFISKH _dFISKH |
||
| 082 | _a591.53 | ||
| 100 | _aChoeurn, Brus | ||
| 245 | _aចំណីដែលសត្វចូលចិត្ត / | ||
| 246 | _aAnimal's favorite food | ||
| 250 | _aបោះពុម្ភលើកទី ២ មករា ២០២២ | ||
| 260 |
_aPhnom Penh : _bSipar, _c2022 |
||
| 300 |
_a16 unnumbered pages : _bcolor illustrator ; _c18 cm |
||
| 505 | _aaa | ||
| 520 | _aកុមារតូចនិងបានរៀននូវពាក្យដំបូងពីឈ្មោះរបស់សត្វនិងចំណីអារហារបស់សត្វអមជាមួយនឹងគំនូរពណ៍ផងដែរ។ | ||
| 520 | _aBasic vocabulary of animals and animals' food with color painted picture are introduce to young children. | ||
| 521 |
_a10
_bLexile estimate |
||
| 521 |
_aaa
_bRaz-Plus |
||
| 650 |
_aសត្វ _vចំណីអាហា _xរូបភាព |
||
| 650 |
_vAnimals _xFoods _ypictures |
||
| 700 |
_aChoeurn, Brus _cillustrator |
||
| 942 |
_2ddc _cBK _n0 |
||
| 999 |
_c1148 _d1148 |
||